Responses for show #337 - Tuesday, December 24, 1985

First game to have a Video Daily Double.

Contestants

[<< previous game]

Pamela Norris, a writer from Sandy Springs, Georgia

Alexis Colicchio, a director of customer service originally from Oceanside, California

Andrea Ladik, a theatrical production manager from New York City, New York (whose 1-day cash winnings total $5,000)

[next game >>]

Jeopardy! Round responses

CARTOONS
EXPLORERS
TRIPLE TALK
THE THEATRE
THE BEATLES
LAWS & RULES
    $100 14
Walt Disney

Pamela
    $100 2
Greenland

Andrea
    $100 19
ho, ho, ho

Andrea
    $100 9
Tennessee Williams

Andrea
    $100 1
A Hard Day's Night

Alexis
    $100 24
Hoyle

Andrea
    $200 15
Sylvester

Andrea
    $300 5
(Alexis: I don't know.)

Neil Armstrong

Alexis
    $200 20
row, row, row

Pamela
    $200 10
Neil Simon

Andrea
    $200 3
Sgt. Pepper

Andrea
    $200 25
boil

Alexis
    $300 16
Tom & Jerry

Andrea
    $300 6
(Pamea: Who is Captain Cook?)

Henry Hudson

AndreaPamela
    $300 21
et cetera, et cetera, et cetera

Andrea
    $300 11
Job

Pamela
    $300 4
The White Album

Alexis
    $300 26
Arthur Conan Doyle

Triple Stumper
    $400 17
Dave Seville

Andrea
    $400 29
(Andrea: What is Cape Horn?)

Cape of Good Hope

AndreaAlexis
    $400 22
To love, love, love him

Pamela
    $400 12
The Sandbox

Pamela
    $400 7
Abbey Road

Andrea
    $400 27
(Andrea: What is an epée?)

foil

AndreaAlexis
    $500 18
Winky Dink

Pamela
    $500 30
arctic

Andrea
    $500 23
zing, zing, zing

Pamela
    $500 13
disbelief

Andrea
    $500 8
George Harrison

Triple Stumper
    $500 28
mohel

Andrea

Scores at the first commercial break (after clue 13):

Andrea Alexis Pamela
$1,800 $100 $400

Scores at the end of the Jeopardy! Round:

Andrea Alexis Pamela
$3,400 $1,100 $2,100

Double Jeopardy! Round responses

MOVIE TRIVIA
FRUITS
NUCLEAR PHYSICS
NEBRASKA
THE BIBLE
ON A "WIM"
    $200 12
Wolfman Jack

Andrea
    $200 2
oranges

Alexis
    $200 1
(Alexis: [making first selection of round] Well, let's get it over with, let's try...)
(Alex: Good girl.)

seawater

Pamela
    $200 26
Omaha

Andrea
    $200 21
ye shall find

Pamela
    $200 7
Wimbledon

Pamela
    $400 13
The Jazz Singer

Pamela
    $400 17
fig

Pamela
    $400 3
(Pamela: What is molecule?)

atom

AlexisPamela
    $400 27
(Alexis: What is a single-party system?)

non-partisan election

Alexis
Triple Stumper
    $400 22
swaddling clothes

Alexis
    $400 8
Wimpy (J. Wellington Wimpy)

Pamela
    $600 14
lioness

Andrea
    $600 18
(Alexis: What is North America?)

Europe

AndreaAlexis
    $600 4
(Alexis: What is an electron?)

antimatter

Alexis
Triple Stumper
    $600 28
Boys Town

Alexis
    $600 23
golden calf

Alexis
    $600 9
wimple

Andrea
    $2,000 15
(Andrea: Who is the [*] ?)
(Alex: That's correct.)
(Andrea: And Superman?)

The Lone Ranger & Zorro

Andrea
    $800 19
pineapple

Triple Stumper
    $800 5
(Alexis: What is an accelerator?)

cloud chamber

Alexis
Triple Stumper
    $800 29
Johnson

Alexis
    $800 24
Canaan

Andrea
    $800 10
Wimsey

Pamela
    $1000 16
Teddy Roosevelt

Pamela
    $2,000 20
(Andrea: What is [*] and an orange?)

tangerine and grapefruit

Andrea
    $1000 6
chain reaction

Pamela
    $1000 30
William Jennings Bryan

Alexis
    $1000 25
what the right hand is doing

Pamela
    $1000 11
Wimpole Street (Barretts of)

Pamela

Scores at the end of the Double Jeopardy! Round:

Andrea Alexis Pamela
$2,400 $2,700 $8,300
(lock game)

[wagering suggestions for these scores]

Final Jeopardy! Round responses

SPORTS
AndreaWhat is fencing, & archery?
$2,395
AlexisWhat is raquetball?
$2,699
PamelaWhat is squash?
$700
(1 of) jai alai or polo

Final scores:

Andrea Alexis Pamela
$5 $1 $7,600
2nd place: trip to New York 3rd place: Olympus OM-2S camera New champion: $7,600

Game dynamics:

Coryat scores:

Andrea Alexis Pamela
$6,400 $3,000 $8,300
21 R,
4 W
(including 2 DDs)
12 R,
5 W
(including 1 DD)
18 R,
2 W

Combined Coryat: $17,700

The J! Archive is created by fans, for fans. The Jeopardy! game show and all elements thereof, including but not limited to copyright and trademark thereto, are the property of Jeopardy Productions, Inc. and are protected under law. This website is not affiliated with, sponsored by, or operated by Jeopardy Productions, Inc. Join the discussion at JBoard.tv.